00697nam a2200241 a 4500001001300000003000900013005001700022008004100039020001000080082001300090100002000103245004600123260004200169300000800211500003500219505001000254650002700264700002000291902000800311942000700319952011400326999001500440nice12345678IN_TiNIC20260116012716.0050524s1985 cana grp 000 0 eng  ac10000a234bEKP aEkpikhe, Joshua aAre You Working for a Crown Or Salvation? aCanadabEvery Day Publications c1985 a10p aincludes index and biblioraphy2 aIndex aSalvation-Christianity1 aEkpikhe, Joshua bSRS cBK 001040708StackRoom-aHMIbHMId2007-06-20g100.00l0o234 EKPp012936r2007-06-20v100.00w2005-05-24yBK c8042d8042